Estatísticas para Cultura Geral

Clique aqui para jogar o quiz

Estatísticas Gerais

  • Esse quiz foi jogado 24 vezes
  • A pontuação média é 6 de 15

Estatísticas das Respostas

HintResposta% Correto
Em que país podemos encontrar a cidade de Cambridge?Reino Unido
94%
Qual é a maior ilha do Caribe?Cuba
67%
O Ravioli é típico de que país?Itália
67%
De que país o Curau é uma iguaria típica?Brasil
61%
Que cidade egípcia já abrigou a maior biblioteca do mundo?Alexandria
56%
Qual é a maior ilha do país da Austrália (sem contar o continente)?Tasmânia
50%
De acordo com a lei islâmica, um homem não pode ter mais do que quatro o que em um determinado momento?Esposas
44%
Que nome de cidade pode ser soletrado reorganizando as letras em Tóquio?Quioto
44%
De acordo com o dogma católico, qual é o lugar da punição temporária e purificação após a morte?Purgatório
39%
Que série de guerras foi uma tentativa dos cristãos europeus de retomar a terra santa?Cruzadas
33%
Nas religiões indianas, qual é a palavra para o estado de iluminação e liberdade do sofrimento?Nirvana
22%
Qual é a maior cidade da região de Midlands na Inglaterra?Birmingham
11%
Que área trata das técnicas para a criação de bovinos?Bovinocultura
11%
Que área trata da do estudo e da criação de cabras?Caprinocultura
6%
Em que país os soldados gurkhas se originaram?Nepal
6%

Distribuição das Pontuações

Percentil de Números Respondidos

Porcentagem de Pessoas com Cada Pontuação

Sua Pontuação Histórica

Você não jogou esse quiz